Statistics for Unusual Animals Multiple Choice

Click here to take the quiz!

General Stats

  • This quiz has been taken 1,054 times
  • The average score is 10 of 14

Answer Stats

QuestionAnswer% Correct
Aardvark
93%
Coati
90%
Bongo
87%
Pangolin
85%
Serval
84%
Grouse
78%
Jerboa
75%
Hoopoe
68%
Zebu
66%
Muskrat
63%
Uakari
62%
Sable
55%
Dugong
41%
Tuatara
37%

Score Distribution

Percentile by Number Answered

Percent of People with Each Score

Your Score History

You have not taken this quiz